Accounting Management Accounting : Canadian Edition (Record no. 5621)
[ view plain ]
| 005 - DATE AND TIME OF LATEST TRANSACTION | |
|---|---|
| control field | 20250627122023.0 |
| 020 ## - INTERNATIONAL STANDARD BOOK NUMBER | |
| International Standard Book Number | 9780176166397 |
| 082 ## - DEWEY DECIMAL CLASSIFICATION NUMBER | |
| Classification number | 657 WAR |
| 100 ## - MAIN ENTRY--PERSONAL NAME | |
| Author name | WARREN,C.S. |
| 245 ## - TITLE STATEMENT | |
| Title | Accounting Management Accounting : Canadian Edition |
| 260 ## - PUBLICATION, DISTRIBUTION, ETC. | |
| Place of publication, distribution, etc. | Toronto |
| Name of publisher, distributor, etc. | ITP Nelson |
| 300 ## - PHYSICAL DESCRIPTION | |
| Extent | xiii,1354p.:ill.,tables |
| Other physical details | Appendix& index |
| Dimensions | 27cm. |
| 700 ## - ADDED ENTRY--PERSONAL NAME | |
| Other authors/Editors | FESS,P. ,REEVE,J. & MALLOUK,B. |
| 942 ## - ADDED ENTRY ELEMENTS (KOHA) | |
| Source of classification or shelving scheme | Dewey Decimal Classification |
| Koha item type | Books |
| Date last seen | Total checkouts | Full call number | Barcode | Cost, replacement price | Price effective from | Koha item type | Lost status | Source of classification or shelving scheme | Damaged status | Not for loan | Withdrawn status | Home library | Current library | Shelving location | Date acquired | Source of acquisition | Cost, normal purchase price |
|---|---|---|---|---|---|---|---|---|---|---|---|---|---|---|---|---|---|
| 06/27/2025 | 657 WAR | DOM000454 | 195000.00 | 06/27/2025 | Books | Dewey Decimal Classification | CBE Dodoma | CBE Dodoma | General Collection | 01/07/2001 | Library budget | 65000.00 | |||||
| 06/27/2025 | 657 WAR | DOM00456 | 195000.00 | 06/27/2025 | Books | Dewey Decimal Classification | CBE Dodoma | CBE Dodoma | General Collection | 01/07/2001 | Library budget | 65000.00 | |||||
| 06/28/2025 | 658.15MAN | DOM000242 | 195000.00 | 06/28/2025 | Books | Dewey Decimal Classification | CBE Dodoma | CBE Dodoma | General Collection | 07/01/2001 | 65000.00 |
